=LDR 00000nam 2200000 4500 =001 INLIS000000000034357 =005 20130612140251 =008 ***********************************ind** =035 ##$$0010-061300000034357 =041 ##$$a ind =082 ##$$a 787.6 =090 ##$$a 787.6, Hen p =100 ##$$a Hendro, Ds.,Dr.,M.gc =245 ##$$a Panduan praktis improvisasi gitar/Dr.Hendro SD,M.gc; penyunting, Hartin Rozaline =260 ##$$a 2004 $b Jakarta =300 ##$$a vi,126 hlm., Ilus, 25 cm =650 ##$$a Gitar =700 ##$$a Rozaline, Hartin =850 ##$$a NBPNMAT =990 ##$$a 0001/BPAP-NTB/20142015 =990 ##$$a 0001/BPAP-NTB/2016